000 004960000a22001810004500
020 _a0-06-065558-5
041 0 _aENG
082 0 4 _aG 261.515 M9961h
100 1 _aMyers, David G.
245 1 0 _aThe human puzzle : Psychological research and christian belief / David G. Myers
260 _aNew York, USA : Harper and Row
300 _a278 Pag
001 6823
942 _cBK
999 _c37080
_d37080
336 _atexto
_btxt
_2rdacontent
337 _2rdamedia
_asin mediación
_bn
338 _2rdacarrier
_avolumen
_bnc